Labor market performance in transition <the> experience of Central and Eastern European countries

Gespeichert in:
Bibliographische Detailangaben
Format: Buch
Sprache:Englisch
Veröffentlicht: Washington, D.C. International Monetary Fund 2006
Schriftenreihe:Occasional paper 248
Schlagworte:
Tags: Tag hinzufügen
Keine Tags, Fügen Sie das erste Tag hinzu!

MARC

LEADER 00000nam$a2200000$$$4500
001 0050712
005 20240315115519.3
020 |a 1-58906-469-0 
041 0 |a eng 
044 |a US 
245 1 0 |a Labor market performance in transition  |b <the> experience of Central and Eastern European countries 
264 1 |a Washington, D.C.  |b International Monetary Fund  |c 2006 
300 |a ix, 82 s. 
490 1 |a Occasional paper  |v 248 
830 0 |a Occasional paper  |v 248 
610 2 0 |a trh práce 
610 2 0 |a stredná Európa 
610 2 0 |a východná Európa 
610 2 0 |a SVE 
610 2 0 |a zamestnanosť 
610 2 0 |a nezamestnanosť 
610 2 0 |a politika zamestnanosti 
610 2 0 |a analýza ekonometrická 
610 2 0 |a pohyb síl pracovných